| 000 | 00522nam a22001577a 4500 | ||
|---|---|---|---|
| 008 | 161004b xxu||||| |||| 00| 0 eng d | ||
| 020 | _a0442011318 | ||
| 050 | _aRef QD 5 .C5 1992 | ||
| 100 | _aLewis, Richard J. Sr. | ||
| 245 |
_aHawley's Condensed Chemical Dictionary/ _cRichard J. Lewis Sr. |
||
| 250 | _a12th ed. | ||
| 260 |
_aNew York: _bVan Nostrand Reinhold Company, _c1992 |
||
| 300 |
_axiii, 1275p. : _bill. ; |
||
| 650 |
_aChemistry _xDictionaries |
||
| 942 |
_2lcc _cREF_BOOK _hRef QD 5 .C5 1992 |
||
| 999 |
_c14581 _d14581 |
||